Представление документа в формате MARC21

Поле Инд. ПП Название Значение
Тип записи a
Библиографический уровень m
001 Контрольный номер a6cb7cf2-d57a-462f-9938-c9365c3b4f2a
005 Дата корректировки 20210201103453.7
008 Кодируемые данные 080130
020 a ISBN 5-09-010550-2 (1)
a ISBN 5-09-010034-9 (общ.)
c Цена, тираж 60.00
040 a Служба первич. каталог. НБ ТвГУ
041 0_ a Код языка текста rus
080 a Индекс УДК 811.161.1(075.2)
084 a Индекс другой классификации/Индекс ББК Ш141.12-920
090 x Авторский знак К49
a Полочн. индекс Ш141.12
100 1_ a Автор Климанова Людмила Федоровна
e Роль лиц Автор
245 10 a Заглавие Мой алфавит. 1 класс
n Номер части/ раздела Ч. 1
b Продолж. заглавия Азбука для первоклассника : тетрадь для 1 класса четырехлетней начальной школы : в 2 ч.
c Ответственность Л. Ф. Климанова
260 0_ a Место издания Москва
b Издательство Просвещение
c Дата издания 2001
300 a Объем 79 с.
b Иллюстрации/ тип воспроизводства ил.
583 a Действие Получение впервые 11 29.01.2008
k Исполнитель действия Дар педагогического факультета ТвГУ
653 0_ a Ключевые слова Русский язык
a Ключевые слова Азбуки
a Ключевые слова Чтение
a Ключевые слова Письмо
a Ключевые слова Прописи
a Ключевые слова Рабочие тетради
a Ключевые слова Учебники для начальной школы
888 a Бесплатные
901 t Тип документа m
920 a Оператор Рунт
952 c Вид литературы К ру
954 a Дата поступления на обработку 20080131